000 00471nam a2200181Ia 4500
008 100917s9999 xx 000 0 und d
082 _b48191
100 _aयशवंत
245 _aयशोधन
260 _bचित्रशाळा प्रेस प्रकाशन
_c1956
300 _a160
365 _b5
520 _aकविता
630 _aयशोधन
650 _aकविता
730 _aयशोधन
942 _cBOOK
999 _c653585
_d653582